<?xml version="1.0" encoding="UTF-8"?>
<record
    xmlns:xsi="http://www.w3.org/2001/XMLSchema-instance"
    xsi:schemaLocation="http://www.loc.gov/MARC21/slim http://www.loc.gov/standards/marcxml/schema/MARC21slim.xsd"
    xmlns="http://www.loc.gov/MARC21/slim">

  <leader>00283    a2200109   4500</leader>
  <datafield tag="020" ind1=" " ind2=" ">
    <subfield code="a">9788194440031</subfield>
  </datafield>
  <datafield tag="100" ind1=" " ind2=" ">
    <subfield code="a">SOUMYA KURIAN</subfield>
    <subfield code="9">119060</subfield>
  </datafield>
  <datafield tag="245" ind1=" " ind2=" ">
    <subfield code="a">TEXTBOOK OF PEDIATRIC NURSING</subfield>
  </datafield>
  <datafield tag="250" ind1=" " ind2=" ">
    <subfield code="a">2ND </subfield>
  </datafield>
  <datafield tag="260" ind1=" " ind2=" ">
    <subfield code="b">EMMESS MEDICAL PUBLISHERS</subfield>
    <subfield code="c">2020</subfield>
  </datafield>
  <datafield tag="999" ind1=" " ind2=" ">
    <subfield code="c">97428</subfield>
    <subfield code="d">97428</subfield>
  </datafield>
  <datafield tag="650" ind1=" " ind2=" ">
    <subfield code="a">CHILD HEALTH NURSING</subfield>
    <subfield code="9">181697</subfield>
  </datafield>
  <datafield tag="952" ind1=" " ind2=" ">
    <subfield code="0">0</subfield>
    <subfield code="1">0</subfield>
    <subfield code="2">ddc</subfield>
    <subfield code="4">0</subfield>
    <subfield code="7">0</subfield>
    <subfield code="a">SNCN</subfield>
    <subfield code="b">SNCN</subfield>
    <subfield code="d">2022-12-07</subfield>
    <subfield code="e">31</subfield>
    <subfield code="g">731.50</subfield>
    <subfield code="l">12</subfield>
    <subfield code="m">1</subfield>
    <subfield code="o">616.7368/KUR</subfield>
    <subfield code="p">SNCN-BK-3077</subfield>
    <subfield code="q">2026-05-30</subfield>
    <subfield code="r">2026-05-15 06:33:51</subfield>
    <subfield code="s">2026-05-15</subfield>
    <subfield code="v">950.00</subfield>
    <subfield code="w">2023-01-31</subfield>
    <subfield code="y">BK</subfield>
    <subfield code="z">3077</subfield>
  </datafield>
</record>
